Textbook on Pathology for DMLT & Paramedical Courses (Record no. 249349)

MARC details
000 -LEADER
fixed length control field 00486nam a22001817a 4500
003 - CONTROL NUMBER IDENTIFIER
control field OSt
008 - FIXED-LENGTH DATA ELEMENTS--GENERAL INFORMATION
fixed length control field 250528b |||||||| |||| 00| 0 eng d
020 ## - INTERNATIONAL STANDARD BOOK NUMBER
International Standard Book Number 9789386006868
082 ## - DEWEY DECIMAL CLASSIFICATION NUMBER
Classification number 616.07
100 ## - MAIN ENTRY--PERSONAL NAME
Personal name Clement I
245 ## - TITLE STATEMENT
Title Textbook on Pathology for DMLT & Paramedical Courses
Statement of responsibility, etc Clement I
250 ## - EDITION STATEMENT
Edition statement 2nd.
260 ## - PUBLICATION, DISTRIBUTION, ETC. (IMPRINT)
Place of publication, distribution, etc Bangalore
Name of publisher, distributor, etc Emmess Medical Publishers
Date of publication, distribution, etc 2022
650 ## - SUBJECT ADDED ENTRY--TOPICAL TERM
Form subdivision Occupational Therapy
General subdivision Pathology
942 ## - ADDED ENTRY ELEMENTS (KOHA)
Item type Books
Source of classification or shelving scheme Dewey Decimal Classification
Holdings
Withdrawn status Lost status Damaged status Permanent location Current location Shelving location Date acquired Source of acquisition Cost, normal purchase price Full call number Barcode Date last seen Koha item type
      CENTRAL LIBRARY, NOORUL ISLAM CENTRE FOR HIGHER EDUCATION CENTRAL LIBRARY, NOORUL ISLAM CENTRE FOR HIGHER EDUCATION General stacks 05/17/2025 Masters Books Distributors, Kollam 695.00 616.07 R2 84938 05/28/2025 Books
      CENTRAL LIBRARY, NOORUL ISLAM CENTRE FOR HIGHER EDUCATION CENTRAL LIBRARY, NOORUL ISLAM CENTRE FOR HIGHER EDUCATION General stacks 05/17/2025 Masters Books Distributors, Kollam 695.00 616.07 R2 84939 05/28/2025 Books
Visitors:
Copyright © 2024 Central Library NICHE.  All rights reserved.